Les meilleurs joueurs de l'histoire du FC Barcelone - Statistiques

Statistiques générales
  • Ce quiz a été pris 420 fois
  • Le résultat moyen est 12 sur 21
Statistiques - réponses
Temps passé au club Joueurs % Correct
2004-2021 Messi
100%
1998-2015 Xavi
94%
2002-2018 Iniesta
93%
2008-2022 Piqué
84%
2003-2008 Ronaldinho
80%
1999-2014 Puyol
77%
2004-2009 Eto'o
73%
1954-1961 Luis Suarez
72%
1973-1978 Cruyff
68%
2012-ajd Alba
63%
1996–1997 Ronaldo
62%
2002-2014 Valdes
58%
1997-2002 Rivaldo
52%
1989-1995 Koeman
45%
1982-1984 Maradona
44%
1995-2000 Figo
40%
2004-2008 Deco
33%
1993-1995 Romario
30%
1990-1995 et1996-1998 Stoichkov
18%
1996-2004 Luis Enrique
17%
1989-1994 Laudrup
14%
Aucun quiz correspondant
Distribution des résultats
% des personnes avec chaque résultat
Percentile par nombre de réponses
Votre historique - résultats
Vous n’avez pas pris ce quiz